| 000 | 00428nam a22001577a 4500 | ||
|---|---|---|---|
| 003 | macl | ||
| 005 | 20190627114348.0 | ||
| 008 | 190627b xxu||||| |||| 00| 0 eng d | ||
| 040 | _cmacl | ||
| 082 | _a891.431/SIN/P | ||
| 100 |
_aदीप, संदीप साइलस _975595 |
||
| 245 | _aरूहानी खयाल | ||
| 260 |
_aआगरा _bSilas _c2014 |
||
| 650 |
_aकविता _975597 |
||
| 942 |
_2ddc _cHIN |
||
| 999 |
_c60298 _d60298 |
||